000 00481nam a2200181Ia 4500
001 1060
005 20260306140604.0
008 260306t1985||||xx |||||||||||||| ||spa||
041 _aESP
082 _a180
_bH447
100 _aUrdanoz, Teofilo
_eAUT
245 0 _aHistoria de la filosofía:
_bSiglo XX: neomarxismos. Estructuralismo. Filosofía de inspiración cristiana
260 _c1985
300 _a
_c20 cm.
650 _aGEN
654 _aCHU
942 _cLIB
_dJUS
_fJUS
_2ddc
_n
999 _c1060
_d1060